000 00563nam a2200193 i 4500
001 59765
003 ES-MaACL
005 20230906164108.0
007 t|
008 031030s1958 sp ||||1| spa d
245 0 0 _aElectrotecnia.
260 _a[S.l. :
_bs.n.,
_c1958] (
_eVitoria :
_fTall. Jesús Obrero)
300 _a1 v. :
_bil. ;
_c22 cm.
490 1 _aFormación profesional. Jesús Obrero
650 4 _aElectrotecnia.
_912169
830 0 _aFormación profesional. Jesús Obrero
_9184817
852 _aES-MaACL
_jP-812
_bR.45344
999 _c59765
_d59765